|
|
|
|
| LEADER |
04077nam a22005775i 4500 |
| 001 |
978-3-642-15271-9 |
| 003 |
DE-He213 |
| 005 |
20151107111219.0 |
| 007 |
cr nn 008mamaa |
| 008 |
140220s2011 gw | s |||| 0|eng d |
| 020 |
|
|
|a 9783642152719
|9 978-3-642-15271-9
|
| 024 |
7 |
|
|a 10.1007/978-3-642-15271-9
|2 doi
|
| 040 |
|
|
|d GrThAP
|
| 050 |
|
4 |
|a QH345
|
| 050 |
|
4 |
|a QD415-436
|
| 072 |
|
7 |
|a PSB
|2 bicssc
|
| 072 |
|
7 |
|a SCI007000
|2 bisacsh
|
| 082 |
0 |
4 |
|a 572
|2 23
|
| 245 |
1 |
0 |
|a Phosphorus in Action
|h [electronic resource] :
|b Biological Processes in Soil Phosphorus Cycling /
|c edited by Else Bünemann, Astrid Oberson, Emmanuel Frossard.
|
| 264 |
|
1 |
|a Berlin, Heidelberg :
|b Springer Berlin Heidelberg :
|b Imprint: Springer,
|c 2011.
|
| 300 |
|
|
|a XV, 483 p.
|b online resource.
|
| 336 |
|
|
|a text
|b txt
|2 rdacontent
|
| 337 |
|
|
|a computer
|b c
|2 rdamedia
|
| 338 |
|
|
|a online resource
|b cr
|2 rdacarrier
|
| 347 |
|
|
|a text file
|b PDF
|2 rda
|
| 490 |
1 |
|
|a Soil Biology,
|x 1613-3382 ;
|v 26
|
| 505 |
0 |
|
|a Soil organic phosphorus speciation by spectroscopic techniques -- Characterization of phosphorus forms in soil microorganisms -- The use of tracers to investigate phosphate cycling in soil/plant systems -- Molecular approaches to study biological phosphorus cycling -- Modelling phosphorus dynamics in the soil-plant system -- Role of mycorrhizal symbioses in phosphorus cycling -- Solubilization of phosphorus by soil microorganisms -- Role of soil macrofauna in phosphorus cycling -- Role of phosphatase enzymes in soil -- Rhizosphere processes, plant response and adaptations -- Biological phosphorus cycling in grasslands - Interactions with N -- Biological phosphorus cycling in arctic and alpine soils -- Phosphorus nutrition of forest plantations: the role of inorganic and organic phosphorus. – Phosphorus cycling in tropical forests growing on highly weathered soils -- Biological P cycling in dryland regions -- Manure management effects on phosphorus biotransformations and losses in animal production -- Management impacts on biological phosphorus cycling in cropped soils -- Phosphorus and global change.
|
| 520 |
|
|
|a Phosphorus (P) is a finite resource which is essential for life. It is a limiting nutrient in many ecosystems but also a pollutant which can affect biodiversity in terrestrial ecosystems and change the ecology of water bodies. This book collects the existing, up-to-date information on biological processes in soil P cycling, which to date have remained much less understood than physico-chemical processes. The methods section presents spectroscopic techniques, characterization of microbial P forms, as well as the use of tracers, molecular approaches and modeling of soil-plant systems. The section on processes deals with mycorrhizal symbioses, microbial P solubilization, soil macrofauna, phosphatase enzymes and rhizosphere processes. On the system level, P cycling is examined for grasslands, arctic and alpine soils, forest plantations, tropical forests, and dryland regions, while aspects of P management with respect to animal production and cropping are also presented. The final chapter examines the interactions between global change and P cycling.
|
| 650 |
|
0 |
|a Life sciences.
|
| 650 |
|
0 |
|a Agriculture.
|
| 650 |
|
0 |
|a Biochemistry.
|
| 650 |
|
0 |
|a Microbiology.
|
| 650 |
|
0 |
|a Plant physiology.
|
| 650 |
|
0 |
|a Soil science.
|
| 650 |
|
0 |
|a Soil conservation.
|
| 650 |
1 |
4 |
|a Life Sciences.
|
| 650 |
2 |
4 |
|a Biochemistry, general.
|
| 650 |
2 |
4 |
|a Plant Physiology.
|
| 650 |
2 |
4 |
|a Microbiology.
|
| 650 |
2 |
4 |
|a Agriculture.
|
| 650 |
2 |
4 |
|a Soil Science & Conservation.
|
| 700 |
1 |
|
|a Bünemann, Else.
|e editor.
|
| 700 |
1 |
|
|a Oberson, Astrid.
|e editor.
|
| 700 |
1 |
|
|a Frossard, Emmanuel.
|e editor.
|
| 710 |
2 |
|
|a SpringerLink (Online service)
|
| 773 |
0 |
|
|t Springer eBooks
|
| 776 |
0 |
8 |
|i Printed edition:
|z 9783642152702
|
| 830 |
|
0 |
|a Soil Biology,
|x 1613-3382 ;
|v 26
|
| 856 |
4 |
0 |
|u http://dx.doi.org/10.1007/978-3-642-15271-9
|z Full Text via HEAL-Link
|
| 912 |
|
|
|a ZDB-2-SBL
|
| 950 |
|
|
|a Biomedical and Life Sciences (Springer-11642)
|